Words Made with Country Codes #1 - Statistics

General Stats
  • This quiz has been taken 9 times
  • The average score is 9 of 24
Answer Stats
Words Countries % Correct
fine Finland
100%
cars Canada
89%
live Venezuela
78%
bath Thailand
67%
cycles Cyprus
56%
lastly Libya
56%
tomcat Austria
44%
lastly Laos
44%
cycles Spain
44%
scar Argentina
33%
lastly Sao Tome and Principe
33%
silk Sri Lanka
33%
tomcat Tonga
33%
bypass Belarus
22%
cycles Chile
22%
live Liechtenstein
22%
tomcat Monaco
22%
bypass Panama
22%
cars Serbia
22%
silk Slovenia
22%
bypass South Sudan
22%
scar Saint Lucia
11%
bath Bosnia and Herzegovina
0%
fine Niger
0%
No matching quizzes found
Score Distribution
Percent of People with Each Score
Percentile by Number Answered
Your Score History
You have not taken this quiz